Online
Catalog
Normal view MARC view

Entry Nombre corporativo

Number of records used in: 6

001 - NÚMERO DE CONTROL

  • campo de control: 18752

003 - IDENTIFICADOR DEL NÚMERO DE CONTROL

  • campo de control: OSt

005 - FECHA Y HORA DE LA ÚLTIMA TRANSACCIÓN

  • campo de control: 20200615032639.0

008 - DATOS DE LONGITUD FIJA

  • campo de control de longitud fija: 200615|| aca||aabn | a|a d

040 ## - FUENTE DE LA CATALOGACIÓN

  • Centro catalogador/agencia de origen: OSt
  • Centro/agencia transcriptor: OSt

110 ## - ENCABEZAMIENTO-NOMBRE DE ENTIDAD CORPORATIVA

  • Nombre de entidad corporativa o nombre de jurisdicción como elemento de entrada: FARO A COLÓN (SANTO DOMINGO, REPÚBLICA DOMINICANA)

670 ## - FUENTE DE DATOS ENCONTRADOS

  • Cita de la fuente: Work cat.: (OSt)6524: Tejera R. , Ramón A. 18749, El vuelo panamericano pro Faro a Colón /, 1992.

Powered by Koha